Animal Alphabet Picture 10 - Statistics

General Stats
  • This quiz has been taken 33 times
  • The average score is 19 of 26
Answer Stats
Picture Hint Answer % Correct
J Jellyfish
100%
K Kangaroo
100%
P Penguin
100%
A Anaconda
95%
B Bat
95%
C Crow
95%
D Duck
95%
F Frog
95%
H Hyena
95%
S Seahorse
95%
O Orca
91%
R Rooster
91%
L Lynx
86%
Q Queen Bee
86%
M Meerkat
82%
T Tapir
77%
Y Yak
77%
W Woodpecker
64%
E Echidna
59%
Z Zebrafish
59%
G Gibbon
45%
I Indri
36%
N Nudibranch
27%
U Ursus
27%
V Velvet Ant
23%
X Xenopus
14%
No matching quizzes found
Score Distribution
Percent of People with Each Score
Percentile by Number Answered
Your Score History
You have not taken this quiz